Railway Engineering (Record no. 5278)
[ view plain ]
| 000 -LEADER | |
|---|---|
| fixed length control field | 00308nam a2200133Ia 4500 |
| 008 - FIXED-LENGTH DATA ELEMENTS--GENERAL INFORMATION | |
| fixed length control field | 191201s2013 xx 000 0 und d |
| 100 ## - MAIN ENTRY--PERSONAL NAME | |
| Personal name | CHANDRA, Satish |
| 245 #0 - TITLE STATEMENT | |
| Title | Railway Engineering |
| 250 ## - EDITION STATEMENT | |
| Edition statement | 8th IMP |
| 260 ## - PUBLICATION, DISTRIBUTION, ETC. (IMPRINT) | |
| Place of publication, distribution, etc | N. Delhi |
| Name of publisher, distributor, etc | Oxford |
| Date of publication, distribution, etc | 2013 |
| 300 ## - PHYSICAL DESCRIPTION | |
| Extent | 651 |
| 650 ## - SUBJECT ADDED ENTRY--TOPICAL TERM | |
| Topical term or geographic name as entry element | B.Tech(CE) |
| 942 ## - ADDED ENTRY ELEMENTS (KOHA) | |
| Source of classification or shelving scheme | Dewey Decimal Classification |
| Koha item type | Text Books |
| Withdrawn status | Lost status | Source of classification or shelving scheme | Damaged status | Not for loan | Collection code | Home library | Current library | Date acquired | Source of acquisition | Cost, normal purchase price | Bill Number | Total Checkouts | Full call number | Acc. no. / Barcode | Date last seen | Bill Date | Koha item type | Date last borrowed |
|---|---|---|---|---|---|---|---|---|---|---|---|---|---|---|---|---|---|---|
| Dewey Decimal Classification | B.Tech(CE) | PIET C-LIBRARY | PIET C-LIBRARY | 06/07/2012 | IBH, New Delhi | 385.00 | 4873 | 625.1 CHR | 19545 | 04/12/2019 | 03/07/2012 | Text Books | ||||||
| Dewey Decimal Classification | B.Tech(CE) | PIET C-LIBRARY | PIET C-LIBRARY | 06/07/2012 | IBH, New Delhi | 385.00 | 4873 | 1 | 625.1 CHR | 19546 | 31/12/2021 | 03/07/2012 | Text Books | 21/12/2021 | ||||
| Dewey Decimal Classification | B.Tech(CE) | PIET C-LIBRARY | PIET C-LIBRARY | 06/07/2012 | IBH, New Delhi | 385.00 | 4873 | 625.1 CHR | 19547 | 04/12/2019 | 03/07/2012 | Text Books | ||||||
| Dewey Decimal Classification | B.Tech(CE) | PIET C-LIBRARY | PIET C-LIBRARY | 06/07/2012 | IBH, New Delhi | 385.00 | 4873 | 625.1 CHR | 19548 | 04/12/2019 | 03/07/2012 | Text Books | ||||||
| Dewey Decimal Classification | B.Tech(CE) | PIET C-LIBRARY | PIET C-LIBRARY | 06/07/2012 | IBH, New Delhi | 385.00 | 4873 | 625.1 CHR | 19549 | 04/12/2019 | 03/07/2012 | Text Books |